| 000 | 00906nam a22002417a 4500 | ||
|---|---|---|---|
| 008 | 090127t xxu||||| |||| 00| 0 eng d | ||
| 010 | _aENG-92607 | ||
| 020 |
_c250.00 _a818422172X |
||
| 035 | _aEN-76140 | ||
| 037 | _bDBAD / PUB | ||
| 040 |
_adpl _bEnglish |
||
| 082 | _a821 | ||
| 245 |
_aThe Bijak: _ccommentary by Abhilash Das; translated by Prem Prakash _b(elucidation sakhi chapter) / |
||
| 246 | _aThe bijak of Sadguru Kabir | ||
| 260 |
_aAllahabad _bKabir Parakh Sansthan _c2007 |
||
| 270 |
_aSant Kabir Marg, Pritam Nagar, _bAllahabad` _e211001 |
||
| 300 |
_a740p. _c22cm (Hb) |
||
| 600 |
_aKabir, 15th cent. _xCriticism and interpretation |
||
| 650 | _aHindi poetry. | ||
| 700 | _aPrem Prakash | ||
| 942 |
_2ddc _cEN _mABH _h821 |
||
| 999 |
_c22421 _d22421 |
||